Bruci la città : generi, transfemminismi e spazio urbano /
I tiakina i:
| Ngā kaituhi matua: | , , |
|---|---|
| Hōputu: | Pukapuka |
| Reo: | Itāriana |
| I whakaputaina: |
Firenze :
Edifir,
2023
|
| Rangatū: | 2050 ;
4 |
| Ngā marau: | |
| Ngā Tūtohu: |
Kāore He Tūtohu, Me noho koe te mea tuatahi ki te tūtohu i tēnei pūkete!
|
MARC
| LEADER | 00000nam a2200000 i 4500 | ||
|---|---|---|---|
| 001 | IT\ICCU\RT1\0179966 | ||
| 003 | ItRI | ||
| 005 | 20260115232158.0 | ||
| 008 | 230801s2023 it |||||| ||||| |||||c | ||
| 015 | |2 IT |a 2023-9978 | ||
| 020 | |a 9788892801196 | ||
| 040 | |b ita |c importazione bologna sebina | ||
| 041 | 7 | |a ita |2 ISO-639-2 | |
| 082 | |a 307.76082 |9 COMUNITA URBANE. Il soggetto riferito alle donne |2 23 | ||
| 100 | 1 | |a Bonu Rosenkranz, Giada |0 IT\ICCU\MODV\678022 |4 aut | |
| 240 | 1 | 0 | |a Bruci la città |3 IT\ICCU\RT1\1022984 |9 Bonu Rosenkranz, Giada |
| 245 | 1 | 0 | |a Bruci la città : |b generi, transfemminismi e spazio urbano / |c Giada Bonu Rosenkranz, Federica Castelli, Serena Olcuire. |
| 260 | |a Firenze : |b Edifir, |c 2023 | ||
| 300 | |a 157 p. ; |c 21 cm | ||
| 650 | 7 | |a Città |x Spazi pubblici |x Fruizione [e] Valorizzazione |x Concezione femminista |2 nsbncf | |
| 700 | 1 | |a Castelli, Federica |0 IT\ICCU\MILV\041434 |4 aut | |
| 700 | 1 | |a Olcuire, Serena |0 IT\ICCU\LIGV\059947 |4 aut | |
| 830 | 0 | |a 2050 ; |v 4 |0 IT\ICCU\UBO\4672518 | |
| 942 | |2 ddc |c BK |n 0 | ||
| 952 | |0 0 |1 0 |4 0 |6 DOC_307_760000000000000_BON |7 0 |9 21470 |a BO |b BO |d 2026-01-15 |i 20280 |l 0 |o DOC 307.76 BON |p BO20280 |r 2026-01-15 23:21:58 |w 2026-01-15 |x [Sebina 5] [1 v.] |y BK |z 1 v. | ||
| 999 | |c 18328 |d 18328 | ||